Waiheke Bays with Map - Statistics

General Stats
  • This quiz has been taken 86 times
    82 since last reset
  • The average score is 16 of 73
Answers on the Map
Answers color-coded by a green-red scale on the quiz's map according to % correct below.
 
Answer Stats
Answer % Correct
Oneroa
79%
Onetangi
75%
Mawhitipana / Palm Beach
71%
Matiatia
65%
Whakanewha / Rocky Bay
65%
Sandy Bay
60%
Sandy Bay
60%
Blackpool
58%
Man o War Bay
52%
Surfdale
50%
Enclosure Bay
46%
Little Bay
46%
Orapiu Bay
40%
Cactus Bay
37%
Putaki Bay/Shelly Beach
37%
Huruhi Bay
35%
Owhanake
35%
Cable Bay
33%
Piemelon Bay
33%
Anzac Bay
31%
Hooks Bay
31%
Putiki Bay
31%
Awaawaroa Bay
29%
Omiha
29%
Cowes Bay
27%
Church Bay
25%
Pearl Bay
25%
Te Matuku / McLeods Bay
25%
Waiheke Bay
25%
Hekerua Bay
23%
Te Whau Bay
23%
Fossil Bay / W Bay
21%
Okoka / Dead Dog Bay
21%
Whites Bay
17%
Woodside Bay
17%
Owhiti Bay
15%
Omaru Bay
13%
Days Bay
12%
Garden Cove
12%
Opopo Bay
12%
Anita Bay
10%
Arran Bay
10%
Carey Bay
10%
Connells Bay
10%
Deadmans Bay
10%
Patio Bay
10%
Pohutukawa Bay
10%
Huse Bay
8%
Te Wharau Bay
8%
Circular Bay
6%
Hitapa Bay
6%
Opopoto Bay
6%
Otakawhe Bay
6%
Repo Bay
6%
Waikopou Bay
6%
Wairere Bay
6%
Waiti Bay
6%
Woodlands Bay
6%
Awakiriapa Bay
4%
Kauaroa Bay
4%
Matarahui Bay
4%
Pasadena Bay
4%
Wharetana Bay
4%
Garden Bay
2%
Kaikuku Bay
2%
Karipaka Bay
2%
Kauakarau Bay
2%
Ōakura Bay
2%
Pipitewai Bay
2%
Takirau Bay
2%
Waikorariki Bay
2%
Waimanga Bay
2%
Silver Bay
0%
No matching quizzes found
Score Distribution
Percent of People with Each Score
Percentile by Number Answered
Your Score History
You have not taken this quiz since the last reset